Elements of gas turbine propulsion / (Record no. 60619)
[ view plain ]
| 000 -LEADER | |
|---|---|
| fixed length control field | 01508cam a2200325 a 4500 |
| 001 - CONTROL NUMBER | |
| control field | 13959033 |
| 003 - CONTROL NUMBER IDENTIFIER | |
| control field | NUST-PNEC |
| 005 - DATE AND TIME OF LATEST TRANSACTION | |
| control field | 20170116180703.0 |
| 008 - FIXED-LENGTH DATA ELEMENTS--GENERAL INFORMATION | |
| fixed length control field | 050509r20051996vaua b 001 0 eng |
| 010 ## - LIBRARY OF CONGRESS CONTROL NUMBER | |
| LC control number | 2005013255 |
| 020 ## - INTERNATIONAL STANDARD BOOK NUMBER | |
| International Standard Book Number | 1563477785 |
| 040 ## - CATALOGING SOURCE | |
| Original cataloging agency | DLC |
| Transcribing agency | PNEC |
| Modifying agency | DLC |
| 050 00 - LIBRARY OF CONGRESS CALL NUMBER | |
| Classification number | TL709 |
| Item number | .M38 2005 |
| 082 00 - DEWEY DECIMAL CLASSIFICATION NUMBER | |
| Classification number | 629.134 MAT |
| 100 1# - MAIN ENTRY--PERSONAL NAME | |
| Personal name | Mattingly, Jack D. |
| 245 10 - TITLE STATEMENT | |
| Title | Elements of gas turbine propulsion / |
| Statement of responsibility, etc. | Jack D. Mattingly ; with a foreword By Hans Von Ohain. |
| 260 ## - PUBLICATION, DISTRIBUTION, ETC. | |
| Place of publication, distribution, etc. | Reston, Va : |
| Name of publisher, distributor, etc. | American Institute of Aeronautics and Astronautics, |
| Date of publication, distribution, etc. | c2005. |
| 300 ## - PHYSICAL DESCRIPTION | |
| Extent | lxiii, 960 p. : |
| Other physical details | ill. ; |
| Dimensions | 24 cm. |
| 440 #0 - SERIES STATEMENT/ADDED ENTRY--TITLE | |
| Title | AIAA education series |
| 500 ## - GENERAL NOTE | |
| General note | http://www.amazon.com/Elements-Turbine-Propulsion-AIAA-Education/dp/1563477785/ref=sr_1_1?s=books&ie=UTF8&qid=1410594120&sr=1-1&keywords=1563477785 |
| 500 ## - GENERAL NOTE | |
| General note | Originally published: McGraw-Hill, 1996, in series: 1. McGraw-Hill series in mechanical engineering and 2. McGraw-Hill series in aeronautical and aerospace engineering |
| 504 ## - BIBLIOGRAPHY, ETC. NOTE | |
| Bibliography, etc. note | Includes bibliographical references and index. |
| 650 #0 - SUBJECT ADDED ENTRY--TOPICAL TERM | |
| Topical term or geographic name entry element | Airplanes |
| General subdivision | Jet propulsion. - ME |
| 650 #0 - SUBJECT ADDED ENTRY--TOPICAL TERM | |
| Topical term or geographic name entry element | Jet engines. |
| 650 #0 - SUBJECT ADDED ENTRY--TOPICAL TERM | |
| Topical term or geographic name entry element | Aircraft gas-turbines. |
| 856 41 - ELECTRONIC LOCATION AND ACCESS | |
| Materials specified | Table of contents |
| Uniform Resource Identifier | <a href="http://www.loc.gov/catdir/toc/ecip0512/2005013255.html">http://www.loc.gov/catdir/toc/ecip0512/2005013255.html</a> |
| 906 ## - LOCAL DATA ELEMENT F, LDF (RLIN) | |
| a | 7 |
| b | cbc |
| c | orignew |
| d | 1 |
| e | ecip |
| f | 20 |
| g | y-gencatlg |
| 942 ## - ADDED ENTRY ELEMENTS (KOHA) | |
| Source of classification or shelving scheme | |
| Koha item type | Book |
| Withdrawn status | Lost status | Source of classification or shelving scheme | Damaged status | Not for loan | Permanent Location | Current Location | Shelving location | Date acquired | Source of acquisition | Cost, normal purchase price | Total Checkouts | Full call number | Barcode | Date last seen | Cost, replacement price | Price effective from | Koha item type |
|---|---|---|---|---|---|---|---|---|---|---|---|---|---|---|---|---|---|
| Pakistan Navy Engineering College (PNEC) | Pakistan Navy Engineering College (PNEC) | Reference | 05/09/2002 | Pak Book Company | 8353.00 | 629.134 MAT | PNECLIB-028624 | 09/13/2014 | 8353.00 | 05/09/2002 | Book | ||||||
| Pakistan Navy Engineering College (PNEC) | Pakistan Navy Engineering College (PNEC) | 629.134 MAT | PNECLIB-026319 | 10/04/2015 | Book |
